Quizzes
Events
Quiz Creation
Community
Videos
Private Events
Remove Ads
Sign In
Join for FREE
Feedback
Dark Mode
Quiz Categories
Sports
Geography
Music
Movies
Television
Just For Fun
Miscellaneous
History
Literature
Language
Science
Gaming
Entertainment
Religion
Holiday
For Kids
Quiz Lab
Recent
Popular Today
Quiz Kudos Today
Editor Picks
Curator Picks
Quizzes by...
Day
Popularity
Type
Ratings
Length
Year
Community
Subscriptions
Recent Discussions
Orange Saloon
Badges
Playlists
Quests
Create
Leaderboards
Showdown
Live 5
Trivia Bingo
Activity
Puzzle Library
Sporcle Events
Private Events
Virtual Trivia
Globe League
Become a Host
Pub Owners
SporcleCon
Opinionation
Our Games
Videos
Blog
Mobile Apps
Partnerships
Remove Ads and Go Orange
Feedback
Sports
Athletes
MLB
NBA
NHL
NFL
Soccer
Sports Teams
WWE
NCAA
Football
Premier League
Basketball
Baseball
Hockey
Golf
Tennis
Cricket
Rugby
Auto Racing
Olympics
World Cup
Sports
Athletes
MLB
NBA
NHL
NFL
Soccer
Sports Teams
WWE
NCAA
Football
Premier League
Basketball
Baseball
Hockey
Golf
Tennis
Cricket
Rugby
Auto Racing
Olympics
World Cup
Random Quiz
Search Sporcle
×
Quiz Lab
Quiz Lab
Sports
Football
Type in answers that appear in a list
Type in answers that appear in a list
Classic
Best Score? Go Orange.
Goalscorers Bundesliga after confinement (Matchday 26) Stats
Can you name the Goalscorers from Bundesliga after confinement (Matchday 26, season 19/20) ?
By
vincentan
7m
25 Questions
32 Plays
32 Plays
32 Plays
Comments
Comments
Give Quiz Kudos
Give Quiz Kudos
-
- Ratings
hide this ad
Replay
Link that replays current quiz
Next Quiz
Link to next quiz in quiz playlist
You Got
0%
They Got
Avg Score
62%
Avg Friend Score
Upgrade to see
Score Distribution
Jump to the score distribution portion of the page
Score
0/25
Timer
07:00
0
Plays Today
Team
Player
% Correct
Borussia Dortmund
Erling Haaland
93.3%
Bayern Munich
Robert Lewandowski
93.3%
Bayer Leverkusen
Kai Havertz
93.3%
Borussia Dortmund
Thorgan Hazard
86.7%
RB Leipzig
Yussuf Poulsen
86.7%
Borussia Mönchengladbach
Alassane Pléa
86.7%
Borussia Dortmund
Raphael Guerreiro
83.3%
Bayern Munich
Benjamin Pavard
83.3%
Eintracht Frankfurt
André Silva
83.3%
Borussia Mönchengladbach
Marcus Thuram
80%
Hertha Berlin
Vedad Ibisevic
76.7%
Bayer Leverkusen
Kerem Demirbay
76.7%
Werder Bremen
Theodor Gebre Selassie
73.3%
Team
Player
% Correct
Hertha Berlin
Matheus Cunha
66.7%
Borussia Mönchengladbach
Ramy Bensebaini
66.7%
Wolfsburg
Renato Steffen
60%
Bayer Leverkusen
Mitchell Weiser
60%
Köln
Florian Kainz
53.3%
Mainz
Kunde Malong
53.3%
Augsburg
Tin Jedvaj
50%
Wolfsburg
Daniel Ginczek
46.7%
Freiburg
Manuel Gulde
33.3%
Hoffenheim
Kevin Akpoguma
30%
Köln
Mark Uth
26.7%
Mainz
Taiwo Awoniyi
13.3%
Quiz Playlist
Details
Report
Send in Message
Add To Playlist
Classic:
Type in answers that appear in a list
Last Updated: Jun 21, 2020
Quiz Scoreboard
CHALLENGE
Sign Up to Join the Scoreboard
Show All
Scores
Hide
Comments
May contain spoilers
Recently Published
Movies - When Are They Set?
by FPL_Elf
Movies
5m
Popular People in 1961
by mucciniale
History
6m
1-10 Letter E Words III
by El_Dandy
Language
2m
More to Explore
Quiz From the Vault
Featured Blog Post
Where Did the Easter Bunny Come From?
hide this ad
You Might Also Like...
Tags
Football Quiz
Soccer Quiz
bundesliga
Bundesliga Goal
Bundesliga Players
Today's Top Quizzes in Sports
Browse Sports
hide this ad
Today's Top Quizzes in Football
Browse Football
Top Contributed Quizzes in Sports
1
Les meilleurs buteurs des matchs entre le PSG et l’OM
2
Les entraîneurs de l'OM et du PSG au 21e siècle
3
FIFA Club World Cup Champions
4
2022 World Cup Stars
5
Name the Premier League winners with different clubs
6
La finale Lions - Afrique du Sud 2021
7
Criteria MLB: Left Handed Sluggers
8
Players with Multiple 50 Home Run Seasons
9
MLB Players with Two .350 Batting Average Seasons
10
MLB Hall of Famer by Rings
Explore More
Trending Topics
Crossword
Disney
Marvel
Harry Potter
NBA
Kpop
Anime
Puzzle
Country
Pokémon
Soccer
WWE
Song
NFL
The Office
hide this ad
More By:
vincentan
Quiz
Plays
Rating
Category
Featured
Created
Premier League Grandpas 2020/2021
554
5.00
Sports
Sep 13, 2020
Top 10 Tour de France (2010-2019)
489
5.00
Sports
Apr 12, 2020
Stage winners Tour de France 2010-2019
332
Sports
Apr 11, 2020
Tour de France 2020 riders
281
Sports
Aug 27, 2020
Premier League 2020/2021 kick-off
279
4.00
Sports
Sep 12, 2020
Go to Creator's Profile
Score Distribution
Quiz Creator Spotlight
vincentan
Follow
Send a Message
Quizzes Created
-
Created Quiz Play Count
-
More By This Creator
Popular Quizzes Today
1
Find the US States - No Outlines Minefield
2
Find the Countries of Europe - No Outlines Minefield
3
The Countries of the World
4
Popular People in 1961
5
1-10 Letter E Words III
6
US States
7
Find the US States
8
One Thing in Common: World Cities II
More Sports Quizzes
Profile: Shaquille O'Neal
Editor's Pick
Trending Quizzes
Risky Map Clicking: Least Populous States A-Z
1-10 Letter F Words
Humor Books: The Subtitles
1-10 Letter G Words
One Thing in Common: United Kingdom
Recently Updated
Leaping Animals
pecheneg
Reality TV Shows (A-Z)
bhenderson79
Rickey Henderson's Hall of Fame Teammates
pecheneg
Champions League XIs: Arsenal
pecheneg
Quick Pick: Celebrities in WWE's Hall of Fame
aduchscher
A-Z Keypad Blitz II
pecheneg
Multiple Oscar Actors
pecheneg
Mystery Phrase Blitz: Oscar 'Best Actors'
pecheneg
F. Scott Fitzgerald Novels
LTH
Pick 3 Villains
ddd62291
Trending Topics
Crossword
Disney
NBA
Anime
Harry Potter
Kpop
Marvel
Puzzle
WWE
NFL
The Office
Soccer
Country
Pokémon
Song
Your Account Isn't Verified!
In order to create a playlist on Sporcle, you need to verify the email address you used during registration. Go to your
Sporcle Settings
to finish the process.
Report this User
Report this user for behavior that violates our
Community Guidelines
.
Details:
Send Report
Go to the Sporcle.com Mobile Site →
Comments